Concurs d'Història de Catalunya
Descripción Física:
[2] f. ; 28 cm
Materias:
Catalunya -- Història -- Concursos
MARC
| LEADER | 00000nam a2200000Ia 4500 | ||
|---|---|---|---|
| 001 | 20709 | ||
| 008 | 160829s1912 xx 000 0 cat d | ||
| 080 | |a 3400, exp. 14 | ||
| 245 | |a Concurs d'Història de Catalunya | ||
| 260 | |a Barcelona : |b [s.n.], |c 1912 | ||
| 300 | |a [2] f. ; |c 28 cm | ||
| 650 | |a Catalunya |x Història |x Concursos |9 48282 | ||
| 710 | 2 | |a Associació Protectora de l'Ensenyança Catalana |9 56179 | |
| 901 | |a Arxiu | ||
| 942 | |n 1 | ||
| 952 | |0 0 |1 0 |4 0 |6 3400_EXP_14 |7 1 |9 54445 |a Arxiu |b Arxiu |d 2016-12-01 |l 0 |o 3400, exp. 14 |p 20709 |r 2016-12-01 00:00:00 |w 2016-12-01 |y ARXIU | ||
| 999 | |c 58314 |d 58314 | ||